Red de Ciudades RAC Memorias (Registro nro. 50091)
[ vista simple ]
| 000 -ENCABEZADO | |
|---|---|
| Número de control [NR] | 01388nam a2200241Ia 4500 |
| 005 - FECHA Y HORA DE LA ÚLTIMA TRANSACCIÓN | |
| control field | 20211020110638.0 |
| 008 - DE LONGITUD FIJA DE DATOS DE ELEMENTOS - INFORMACIÓN GENERAL | |
| Elementos de longitud fija [NR] | 130821s2005 ck gr spa |
| 020 ## - NUMERO INTERNACIONAL NORMALIZADO PARA LIBROS [R] | |
| Número Internacional Normalizado del libro [NR] | 9587015878 |
| 040 ## - FUENTE DE CATALOGACION [NR] | |
| Agencia de catalogación original [NR] | Co-BoUCM |
| Idioma de catalogación [NR] | spa |
| 041 00 - CODIGO DE IDIOMA [R] | |
| Código de idioma para texto/pista de sonido o título separado [R] | Español |
| 111 1# - ASIENTO PRINCIPAL--NOMBRE DE REUNION [NR] | |
| Nombre de reunión o de jurisdicción como elemento de entrada [NR] | Primera reunión temática sobre promoción de las relaciones comerciales y concertación de negocios (2004 : Nov. 24 y 25: Bogotá) |
| 9 (RLIN) | 132107 |
| 245 10 - MENCION DE TITULO [NR] | |
| Título [NR] | Red de Ciudades RAC Memorias |
| Mención de responsabilidad, etc. [NR] | Alcaldía Mayor de Bogotá |
| 260 ## - PUBLICACION, DISTRIBUCION, ETC. (PIE DE IMPRENTA) [R] | |
| Lugar de publicación, distribución, etc. [R] | Bogotá (Colombia) |
| Nombre del editor, distribuidor, etc. [R] | Alcaldía Mayor de Bogotá |
| Fecha de publicación, distribución, etc. [R] | 2005 |
| 300 ## - DESCRIPCION FISICA [R] | |
| Extensión [R] | 118 páginas |
| Material acompañante [NR] | 1 CD-ROM |
| 490 ## - MENCION DE SERIE [R] | |
| Mención de serie [R] | Colección Integración Regional |
| Designación numérica/secuencial del volumen [NR] | 3 |
| 505 ## - NOTA DE CONTENIDO CON FORMATO PREESTABLECIDO [R] | |
| Nota de contenido con formato preestablecido [NR] | CD-ROM: Memorias 1 Reunión Temática sobre promoción de relaciones comerciales y concertación de negocios y Foro Andino: Las ciudades-región en el nuevo sistema económico internacional, una mirada desde la integración Andina. -- Documentos 2 Reunión Plenaria: Actas; Estatutos; Plan de Trabajo 2005-2006; Declaración de Bogotá. |
| 650 04 - ASIENTO SECUNDARIO DE MATERIA - TERMINO TEMATICO [R] | |
| Término temático o nombre geográfico como elemento de entrada [NR] | Cooperación internacional |
| Subdivisión geográfica [R] | Países andinos |
| Subdivisión de forma [R] | Congresos, conferencias, etc. |
| 9 (RLIN) | 11969 |
| 650 04 - ASIENTO SECUNDARIO DE MATERIA - TERMINO TEMATICO [R] | |
| Término temático o nombre geográfico como elemento de entrada [NR] | Economía internacional |
| 9 (RLIN) | 7543 |
| 650 04 - ASIENTO SECUNDARIO DE MATERIA - TERMINO TEMATICO [R] | |
| Término temático o nombre geográfico como elemento de entrada [NR] | Relaciones comerciales |
| Subdivisión geográfica [R] | Países andinos |
| Subdivisión de forma [R] | Congresos, conferencias, etc. |
| 9 (RLIN) | 8039 |
| 651 ## - ASIENTO SECUNDARIO DE MATERIA - NOMBRE GEOGRAFICO [R] | |
| Nombre geográfico [NR] | Países andinos |
| Subdivisión general [R] | Integración económica |
| Subdivisión de forma [R] | Congresos, conferencias, etc. |
| 9 (RLIN) | 27202 |
| 942 ## - ELEMENTOS DE ENTRADA AGREGADOS (KOHA) | |
| Tipo de ítem principal el descrito en 300a | Libro |
| Tema principal | Economía |
| Edición | 1 |
| Parte restante de la signatura top. | P953r |
| Sistema de clasificación | DEWEY |
| Clasificación | 337.19 |
| Fecha de último préstamo | Total préstamos | Signatura topográfica | Código de barras | Última vez visto | Ejemplar | Price effective from | Tipo de ítem | Perdido | Sistema de clasificación | Dañado | No prestable | Tipo de ítem específico | Suprimido | Ubicación habitual | Ubicación actual | Localización | Fecha de creación | Forma de adquisición | Costo |
|---|---|---|---|---|---|---|---|---|---|---|---|---|---|---|---|---|---|---|---|
| 337.19 P953r | 100079805 | 23/04/2018 | Ej.1 | 03/02/2013 | Libro | DEWEY | Libro | Bodega | Bodega | Préstamo 4 días después de solicitado | 30/09/2006 | Donación | 26000.00 | ||||||
| 337.19 P953r | 100079804 | 23/04/2018 | Ej.2 | 03/02/2013 | Libro | DEWEY | Libro | Bodega | Bodega | Préstamo 4 días después de solicitado | 30/09/2006 | Donación | 26000.00 | ||||||
| 337.19 P953r | 100079806 | 05/12/2016 | Ej.3 | 03/02/2013 | Libro | DEWEY | Libro | Bodega | Bodega | Préstamo 4 días después de solicitado | 30/09/2006 | Donación | 26000.00 | ||||||
| 25/09/2007 | 337.19 P953r | 100079808 | 10/12/2024 | Ej.4 | 03/02/2013 | Multimedia | DEWEY | CD-Rom | Claustro | Claustro | Colección digital | 19/02/2013 | Donación | 26000.00 | |||||
| 25/09/2007 | 337.19 P953r | 100079809 | 10/12/2024 | Ej.5 | 03/02/2013 | Multimedia | DEWEY | CD-Rom | Claustro | Claustro | Colección digital | 19/02/2013 | Donación | 26000.00 |